00354nam a22001457a 4500999001500000003000400015008004100019100001500060245004800075250000900123260002200132300000900154650003300163942001200196 c8848d8848OSt200711b ||||| |||| 00| 0 eng d aBhise ,S.B aText book of Human anatomy and Physiology-2 a2019 aNew DelhibNirali a8.14 aHuman Anatomy and Physiology 2ddccBK